[Event "CZE-chT2F 2223"]
[Site "Czech Republic"]
[Date "2023.03.05"]
[Round "10"]
[White "Stonawski, Igor"]
[Black "Socha, Jaromir"]
[Result "0-1"]
[WhiteElo "1959"]
[BlackElo "1873"]
[PlyCount "94"]
[EventDate "2022.10.16"]
[EventType "team-tourn"]
[EventRounds "11"]
[EventCountry "CZE"]
[SourceTitle "EXT 2024"]
[Source "ChessBase"]
[SourceDate "2023.10.10"]
[SourceVersion "1"]
[SourceVersionDate "2023.10.10"]
[SourceQuality "1"]
[WhiteTeam "Cesky Tesin Slavoj"]
[BlackTeam "Koprivnice Tatra"]
[WhiteTeamCountry "CZE"]
[BlackTeamCountry "CZE"]

1. e4 c5 2. Nc3 d6 3. g3 g6 4. Bg2 Bg7 5. d3 Nc6 6. Be3 Bd7 7. Qd2 e5 8. f4 f6 9. Nf3 Nd4 10. 0-0 Ne7 11. h3 0-0 12. Kh2 b6 13. Ng1 Bc6 14. Nd1 exf4 15. gxf4 f5 16. c3 Ne6 17. Qc2 Qd7 18. Ne2 Kh8 19. Nf2 fxe4 20. dxe4 d5 21. Rad1 Qb7 22. Ng4 dxe4 23. Ne5 Bxe5 24. fxe5 Nf5 25. Rxf5 gxf5 26. Rd6 f4 27. Rxc6 Qxc6 28. Bxe4 Qxe4 29. Qxe4 fxe3 30. Qxe3 Rf7 31. Ng3 Rg8 32. Ne4 Rfg7 33. h4 Rg2+ 34. Kh3 R8g4 35. Nf6 Nf4+ 36. Qxf4 Rxf4 37. Kxg2 Rxh4 38. Kg3 Rh6 39. Ng4 Rg6 40. Kf4 Kg7 41. Ne3 Kf7 42. Kf5 h6 43. Nd5 Rg5+ 44. Ke4 Rg2 45. b4 Rxa2 46. bxc5 bxc5 47. Nf4 Ra4+ 0-1

[Event "CZE-chT2F 2223"]
[Site "Czech Republic"]
[Date "2023.01.22"]
[Round "7"]
[White "Stonawski, Igor"]
[Black "Sebesta, Jan2222"]
[Result "1/2-1/2"]
[WhiteElo "1948"]
[BlackElo "1826"]
[PlyCount "82"]
[EventDate "2022.10.16"]
[EventType "team-tourn"]
[EventRounds "11"]
[EventCountry "CZE"]
[SourceTitle "EXT 2024"]
[Source "ChessBase"]
[SourceDate "2023.10.10"]
[SourceVersion "1"]
[SourceVersionDate "2023.10.10"]
[SourceQuality "1"]
[WhiteTeam "Cesky Tesin Slavoj"]
[BlackTeam "Orlova Slavia II"]
[WhiteTeamCountry "CZE"]
[BlackTeamCountry "CZE"]

1. e4 e5 2. Nf3 Nc6 3. Bb5 a6 4. Ba4 Nf6 5. Qe2 Be7 6. c3 b5 7. Bc2 d6 8. 0-0 0-0 9. a4 Rb8 10. b4 d5 11. axb5 axb5 12. exd5 Qxd5 13. Ng5 Bg4 14. f3 Bh5 15. Bb2 Bg6 16. Ne4 Nxe4 17. fxe4 Qd7 18. d3 f5 19. exf5 Rxf5 20. Nd2 Rbf8 21. Rxf5 Bxf5 22. Ra6 Bd6 23. Ne4 Ne7 24. Bb3+ Kh8 25. Bc1 Bg4 26. Qe1 Ng6 27. Be3 Nf4 28. Bc2 Qf7 29. h3 Bc8 30. Ra7 Qg6 31. Bxf4 exf4 32. Nxd6 cxd6 33. Kh2 f3 34. Qf2 Qe6 35. d4 d5 36. Qg3 Qh6 37. gxf3 Re8 38. Bd3 Qd2+ 39. Qg2 Qf4+ 40. Qg3 Qd2+ 41. Qg2 Qf4+ 1/2-1/2

[Event "Pobeskydy op"]
[Site "Frydek Mistek"]
[Date "2018.04.01"]
[Round "8"]
[White "Shukan, Alexander"]
[Black "Stonawski, Igor"]
[Result "0-1"]
[WhiteElo "2119"]
[BlackElo "1943"]
[PlyCount "118"]
[EventDate "2018.03.29"]
[EventType "swiss"]
[EventRounds "9"]
[EventCountry "CZE"]
[SourceTitle "CBM 183 Extra"]
[Source "ChessBase"]
[SourceDate "2018.04.19"]
[SourceVersion "1"]
[SourceVersionDate "2018.04.19"]
[SourceQuality "1"]

1. e4 g6 2. Nc3 Bg7 3. g3 c5 4. d3 Nc6 5. Be3 Nd4 6. Qd2 Qa5 7. Bg2 d6 8. h3 e6 9. Nge2 Nxe2 10. Kxe2 Ne7 11. Bh6 Bxh6 12. Qxh6 Nc6 13. Qg7 Nd4+ 14. Kd1 Rf8 15. Ne2 Qb4 16. Nxd4 cxd4 17. Rb1 e5 18. a3 Qa5 19. Ke2 Bd7 20. Qf6 Rc8 21. Rhc1 Rc6 22. f4 Qc7 23. Kd2 Qa5+ 24. Kd1 Be6 25. Bf3 h5 26. g4 hxg4 27. Bxg4 Bxg4+ 28. hxg4 exf4 29. Qxd4 Qc5 30. Qxc5 Rxc5 31. Kd2 Rg5 32. Rg1 Rh8 33. Rbf1 Rh2+ 34. Kc1 Rc5 35. c4 b5 36. Rh1 Rxh1 37. Rxh1 bxc4 38. d4 Rg5 39. Rh8+ Ke7 40. Ra8 Rxg4 41. Rxa7+ Kf6 42. Ra6 f3 43. e5+ Kg5 44. Kd2 Rxd4+ 45. Ke3 Rd3+ 46. Kf2 dxe5 47. Rc6 e4 48. Rxc4 Kf4 49. a4 Rd2+ 50. Ke1 Rxb2 51. a5 Ra2 52. Rc1 Rxa5 53. Kf2 Ra2+ 54. Kf1 g5 55. Kg1 g4 56. Kf1 g3 57. Kg1 Rh2 58. Rd1 f2+ 59. Kf1 Rh1+ 0-1

[Event "CZE-chT2F 1516"]
[Site "Czech Republic"]
[Date "2016.02.21"]
[Round "8.67"]
[White "Stonawski, Igor"]
[Black "Veselsky, Frantisek"]
[Result "0-1"]
[WhiteElo "1990"]
[BlackElo "1943"]
[PlyCount "92"]
[EventDate "2015.10.18"]
[EventType "team-tourn"]
[EventRounds "11"]
[EventCountry "CZE"]
[SourceTitle "EXT 2022"]
[Source "ChessBase"]
[SourceDate "2021.10.06"]
[SourceVersion "1"]
[SourceVersionDate "2021.10.06"]
[SourceQuality "1"]
[WhiteTeam "Cesky Tesin"]
[BlackTeam "Hostalkova"]
[WhiteTeamCountry "CZE"]
[BlackTeamCountry "CZE"]

1. e4 d5 2. Nc3 c6 3. d3 e5 4. g3 Nf6 5. Bg2 Bb4 6. Bd2 0-0 7. a3 Ba5 8. b4 Bc7 9. Nf3 d4 10. Ne2 h6 11. 0-0 Be6 12. c3 dxc3 13. Bxc3 Nbd7 14. Qc2 Re8 15. h3 Qb8 16. Qb2 Nh7 17. Rfd1 Ng5 18. Nxg5 hxg5 19. d4 f6 20. d5 cxd5 21. exd5 Bf7 22. Be4 g6 23. Qd2 Bd6 24. Kg2 Kg7 25. Rh1 Rh8 26. Raf1 Qe8 27. Bc2 Rc8 28. Bb3 Qe7 29. Re1 Qe8 30. a4 b6 31. Rhf1 Rh7 32. f4 gxf4 33. gxf4 Qh8 34. Rf3 Rh5 35. Rh1 Qh6 36. Bb2 Rh4 37. Bc1 exf4 38. Nxf4 Rxc1 39. Qxc1 Bxf4 40. Qc8 Qg5+ 41. Kf2 Ne5 42. Rg1 Qh5 43. Rc3 Bd2 44. Rcg3 Rf4+ 45. Kg2 Qe2+ 46. Kh1 Qe4+ 0-1

[Event "CZE-chT2F 1516"]
[Site "Czech Republic"]
[Date "2016.01.24"]
[Round "6.67"]
[White "Stuchly, Ondrej"]
[Black "Stonawski, Igor"]
[Result "0-1"]
[WhiteElo "2047"]
[BlackElo "1990"]
[PlyCount "64"]
[EventDate "2015.10.18"]
[EventType "team-tourn"]
[EventRounds "11"]
[EventCountry "CZE"]
[SourceTitle "EXT 2022"]
[Source "ChessBase"]
[SourceDate "2021.10.06"]
[SourceVersion "1"]
[SourceVersionDate "2021.10.06"]
[SourceQuality "1"]
[WhiteTeam "Stare Mesto II"]
[BlackTeam "Cesky Tesin"]
[WhiteTeamCountry "CZE"]
[BlackTeamCountry "CZE"]

1. d4 g6 2. c4 Bg7 3. Nc3 d6 4. e4 Nd7 5. Nf3 e5 6. Be2 Ngf6 7. 0-0 0-0 8. d5 Nc5 9. Qc2 a5 10. b3 Nh5 11. Ne1 Nf4 12. Rb1 f5 13. f3 g5 14. a3 g4 15. b4 axb4 16. axb4 gxf3 17. Bxf3 Nxe4 18. Nxe4 fxe4 19. Bxe4 Qh4 20. Nf3 Qh5 21. Be3 Bg4 22. c5 Ra3 23. Rbe1 Rfa8 24. Bxf4 exf4 25. cxd6 cxd6 26. Qc7 Re8 27. Qxd6 Re3 28. Nd2 Bd4 29. Kh1 Be5 30. Qc5 f3 31. h3 fxg2+ 32. Bxg2 Rxh3+ 0-1

[Event "CZE-chT2F 1516"]
[Site "Czech Republic"]
[Date "2015.10.18"]
[Round "1.47"]
[White "Stonawski, Igor"]
[Black "Hurta, Jiri"]
[Result "1/2-1/2"]
[WhiteElo "1990"]
[BlackElo "1784"]
[PlyCount "87"]
[EventDate "2015.10.18"]
[EventType "team-tourn"]
[EventRounds "11"]
[EventCountry "CZE"]
[SourceTitle "EXT 2022"]
[Source "ChessBase"]
[SourceDate "2021.10.06"]
[SourceVersion "1"]
[SourceVersionDate "2021.10.06"]
[SourceQuality "1"]
[WhiteTeam "Cesky Tesin"]
[BlackTeam "Ostrava Labortech II"]
[WhiteTeamCountry "CZE"]
[BlackTeamCountry "CZE"]

1. g3 Nf6 2. Bg2 g6 3. d3 Bg7 4. e4 d6 5. Nc3 c5 6. h3 Nc6 7. Be3 Bd7 8. Qd2 Nd4 9. Nd1 e5 10. c3 Nc6 11. Ne2 0-0 12. 0-0 Nh5 13. g4 Nf6 14. f4 h5 15. g5 exf4 16. Bxf4 Nh7 17. d4 cxd4 18. cxd4 Qb6 19. Be3 Qb4 20. Ndc3 Na5 21. b3 Rac8 22. Rf2 Bc6 23. Raf1 f6 24. Nd5 Qxd2 25. Bxd2 Bxd5 26. exd5 b6 27. h4 fxg5 28. hxg5 Rxf2 29. Rxf2 Rc2 30. Bf4 Rxa2 31. Bxd6 Nxb3 32. Be5 Nxg5 33. d6 Ra1+ 34. Kh2 Bxe5+ 35. dxe5 Nc5 36. Nf4 Re1 37. Nxg6 Kg7 38. Nf8 Rxe5 39. d7 Nxd7 40. Nxd7 Re7 41. Nf6 Kg6 42. Nd5 Rf7 43. Nf4+ Kf5 44. Bd5 1/2-1/2

[Event "Tatry op"]
[Site "Tatranske Zruby"]
[Date "2015.10.03"]
[Round "9"]
[White "Stonawski, Igor"]
[Black "Haring, Viktor"]
[Result "0-1"]
[WhiteElo "1969"]
[BlackElo "2189"]
[PlyCount "62"]
[EventDate "2015.09.26"]
[EventType "swiss"]
[EventRounds "9"]
[EventCountry "SVK"]
[SourceTitle "CBM 168 Extra"]
[Source "ChessBase"]
[SourceDate "2015.10.29"]
[SourceVersion "1"]
[SourceVersionDate "2015.10.29"]
[SourceQuality "1"]

1. g3 Nf6 2. Bg2 d5 3. d3 c6 4. Nf3 Bg4 5. Nbd2 Nbd7 6. h3 Bh5 7. g4 Bg6 8. Nh4 e6 9. f4 Bc5 10. Ndf3 Qb6 11. Qd2 0-0-0 12. e3 Bd6 13. a3 e5 14. Ng5 Rhf8 15. f5 e4 16. 0-0 Bg3 17. fxg6 hxg6 18. Nxg6 fxg6 19. Ne6 Rh8 20. Nxd8 Qxd8 21. dxe4 dxe4 22. Rd1 Qc7 23. g5 Nd5 24. Qd4 Ne5 25. Qxe4 Rh4 26. Qxh4 Bxh4 27. e4 Qb6+ 28. Kh1 Ne3 29. Bxe3 Qxe3 30. Rf1 Bf2 31. Rad1 Qg3 0-1

[Event "Pardubice Oce op 19th"]
[Site "Pardubice"]
[Date "2008.07.13"]
[Round "7"]
[White "Stonawski, Igor"]
[Black "Jirasek, Pavel"]
[Result "0-1"]
[WhiteElo "2039"]
[BlackElo "2291"]
[PlyCount "68"]
[EventDate "2008.07.10"]
[EventType "team"]
[EventRounds "7"]
[EventCountry "CZE"]
[SourceTitle "CBM 125 Extra"]
[Source "ChessBase"]
[SourceDate "2008.09.01"]
[SourceVersion "1"]
[SourceVersionDate "2008.09.01"]
[SourceQuality "1"]

1. e4 c5 2. Nc3 Nc6 3. g3 Nf6 4. Bg2 e6 5. d3 Be7 6. f4 d5 7. e5 Nd7 8. Nf3 Rb8 9. a4 a6 10. 0-0 0-0 11. h3 b5 12. axb5 axb5 13. Ne2 d4 14. c3 Qb6 15. Kh2 Bb7 16. g4 Ra8 17. Rxa8 Rxa8 18. Ng3 dxc3 19. bxc3 b4 20. Bb2 f6 21. cxb4 fxe5 22. f5 Qxb4 23. Ba1 exf5 24. Nxf5 Bf8 25. Ng5 Nd4 26. Bxb7 Qxb7 27. Ne4 Ra2+ 28. Kg3 Nf6 29. Nc3 Rg2+ 30. Kh4 Be7 31. g5 Rxg5 32. Kxg5 Qg2+ 33. Qg4 Ne4+ 34. Kh5 g6+ 0-1